000 00536nam a2200181 i 4500
001 86791
003 ES-MaACL
005 20230906175527.0
007 t|
008 041215s1970 sp ||||1| spa d
100 1 _aKaye, Douglas.
_967676
245 1 0 _aSistemas booleanos /
_cD. Kaye ; versión, Guillermo Fleitas Morales.
250 _a[1ª ed.].
260 _aMadrid, etc. :
_bAlhambra,
_c[1970]
300 _aVII, 223 p. :
_bil. ;
_c20 cm.
700 1 _aFleitas Morales, Guillermo.
_951164
852 _aES-MaACL
_jC-39887
_bR.75369
999 _c86791
_d86791